000 00794nam a22002057a 4500
005 20240530110931.0
008 220214s2007 ua a g 000 0 ara d
017 _bمصر. دار الكتب
_a2007/3498
020 _a9774371933
040 _aEG-CaGPL
_cEG-CaGPL
082 0 4 _221
_a909\
_bم ف
100 0 _aمحمد صبرى الدالى
245 1 0 _aفى تطوير رؤية الانا للاخر :
_bروسيا الحديثة فى الكتابات التاريخية المعاصرة 1517 - 1917 م /
_cمحمد صبرى الدالى
250 _aط. 1
260 _aالقاهرة :
_bالمجلس الاعلى للثقافة،
_c2007
300 _a413 ص. ؛
_c24 سم
651 0 7 _aروسيا
_xتاريخ
942 _2ddc
_cBK
999 _c66656
_d66656